LEADER 01510nam a2200313 i 4500 001 000000173789 003 CaOOAMICUS 005 20080731000000.0 008 080731s2007 it u000 u mul u 013 $a151243 020 $a978-88-7511-077-2 040 $aSeMil$bita 100 1 $aDusio, Andrea.$0(OLS)http://semarc/name/64924 245 10$aVistaLario :$bil Lago di Como raccontato da... = VistaLario : Lake Como as told by... /$cAndrea Dusio [e] Michele Mauri ; immagini [a cura dell'] Agenzia Geografica Sole di Vetro. 246 01$aVistaLario : Lake Como as told by... 260 $aMissaglia :$bBellavite,$cstampa 2007. 300 $a221 p. :$briccamente ill. ;$c29 cm. 500 $aTesto inglese a fronte. - Dono del Card. Dionigi Tettamanzi. 650 4$aLago di Como.$0(OLS)http://semarc/subject/2033 700 1 $aAgenzia Geografica Sole di Vetro.$0(OLS)http://semarc/name/64925 700 1 $aMauri, Michele.$0(OLS)http://semarc/name/7260 850 $aSeMil 852 $aSeMil$W1$xVenegono$y1$m4Y V 89$j124634$B124634$CSeMilBibl$Z2$F135763 $81 941 1 $a5 961 $aOmaggio: Tettamanzi Card. Dionigi 996 $6020$a978-88-7511-077-2$9(OLS)http://semarc/number/161545 996 $6245$aVistaLario :$bil Lago di Como raccontato da... = VistaLario : Lake Como as told by...$9(OLS)http://semarc/title/249035 996 $6246$aVistaLario : Lake Como as told by...$9(OLS)http://semarc/title/249036 996 $6260$aMissaglia :$bBellavite$9(OLS)http://semarc/publisher/32362 LEADER 01264nam a2200301 i 4500 001 000000055112 003 CaOOAMICUS 005 20160307000000.0 008 160307s1977 it u000 u ita u 013 $a26284 020 $a88-211-7143-4 040 $aSeMil$bita 100 1 $aVaux, Roland : de,$c.$0(OLS)http://semarc/name/1000 240 14$aLes institutions de l'Ancien Testament.$0(OLS)http://semarc/title/402582 245 13$aLe istituzioni dell'Antico Testamento /$cR. de Vaux. 250 $a3. ed. 260 $aGenova :$bMarietti,$c1977. 300 $a607 p. ;$c25 cm. 500 $aContiene : Bibliografia. 650 4$aBibbia - Ambiente culturale.$0(OLS)http://semarc/subject/2653 650 4$aIsraele.$0(OLS)http://semarc/subject/8565 650 4$aBibbia. Antico Testamento - Commentari, studi, critica, interpretazioni.$0(OLS)http://semarc/subject/2 850 $aSeMil 852 $aSeMil$W1$xVenegono$y1$m2V V 32$j270284$B21266$CSeMilBibl$Z2$F21268 $81 961 $aAcquisto: Distributore 996 $6020$a88-211-7143-4$9(OLS)http://semarc/number/30130 996 $6245$aLe istituzioni dell'Antico Testamento$9(OLS)http://semarc/title/402581 996 $6260$aGenova :$bMarietti$9(OLS)http://semarc/publisher/29997